000 00509nam a2200193Ia 4500
005 20250326141612.0
008 250326s9999 xx 000 0 und d
020 _a0-631-16828-1
037 _aTextbook
040 _aFMSL
_beng
_cFMSL
041 _aeng
_2eng
084 _aX:8 N1
_qFMSL
100 _aLessem R
_9740625
245 0 _aTotal quality learning
_cLessem R
260 _aOxford
_bOxford, Basil Blackwell
_c1991
300 _a310p
942 _cTB
_hX:8 N1
999 _c1291099
_d1291099